| 000 | 00793nas a2200265 4500 | ||
|---|---|---|---|
| 001 | BR2011001588 | ||
| 003 | BR-BrBNA | ||
| 005 | 20231205114523.0 | ||
| 007 | ta | ||
| 008 | 230509b bl.|||p| |||| 00| 00por d | ||
| 040 |
_aBR-BrBNA _bpor _cBiblioteca Nacional de Agricultura |
||
| 041 | _a(Pt) | ||
| 072 | _aQ04 | ||
| 100 | 1 | _aBoff, T. | |
| 100 | 1 | _aRosa, C.S. da | |
| 245 | 1 | _aAceitabilidade de geléias de morango light elaboradas com diferentes adoçantes | |
| 650 | _aGELÉIA | ||
| 650 | _aMORANGO | ||
| 650 | _aDIETA | ||
| 650 | _aPROPRIEDADE ORGANOLÉPTICA | ||
| 650 | _aRIO GRANDE DO SUL | ||
| 773 | 0 |
_tHigiene Alimentar (Brazil) _xISSN 0101-9171 _g(Sep-Oct 2010), v. 24(188-189) p. 60-65 _wBR2011001588 |
|
| 909 |
_a202311 _bLúcia _c55 _dLúcia Elande |
||
| 942 |
_2AGRIS _n0 _cANA |
||
| 999 |
_c209146 _d209146 |
||